| 000 | 00584nam a2200193 i 4500 | ||
|---|---|---|---|
| 001 | 72891 | ||
| 003 | ES-MaACL | ||
| 005 | 20230906171607.0 | ||
| 007 | t| | ||
| 008 | 040903s1952 sp d |||| | spa d | ||
| 080 | _a082.2(038) | ||
| 100 | 1 |
_aGoicoechea, Cesáreo. _957606 |
|
| 245 | 1 | 0 |
_aDiccionario de citas _b: verdades y semiverdades, axiomas y paradojas... / _cCesáreo Goicoechea Romano. |
| 260 |
_aBarcelona : _bLabor, _c1952 ( _fGrijelmo) |
||
| 300 |
_aXVI, 716 p. ; _c23 cm. |
||
| 500 | _aÍndices. | ||
| 650 | 4 |
_aCitas- _vDiccionarios. _911062 |
|
| 852 |
_aES-MaACL _jD-7529 |
||
| 999 |
_c72891 _d72891 |
||